000 00947cam a22002774a 4500
999 _c10735
_d10735
001 12464857
003 OSt
005 20210303145104.0
008 010710s2001 miuab b 001 0 eng
010 _a 2001037931
020 _a0801012309
040 _aDLC
_cDLC
_dDLC
042 _apcc
050 0 0 _aBS1194
_bM922S
082 0 0 _a221.6/1
_221
_bM922S
100 1 _aMotyer, J. A.
245 1 4 _aThe story of the Old Testament :
_bmen with a message /
_cby Alec Motyer ; revised by John Stott.
260 _aGrand Rapids, Mich. :
_bBaker Books,
_c2001.
300 _a190 p. :
_bcol. ill., col. maps ;
_c25 cm.
504 _aIncludes bibliographical references and index.
630 0 0 _aBible.
_pOld Testament
_vIntroductions.
700 1 _aStott, John R. W.
906 _a7
_bcbc
_corignew
_d1
_eocip
_f20
_gy-gencatlg
942 _2ddc
_cBK